De animalibus : la presencia zoológica en la literatura : de la antigüedad a la época contemporánea /
Los trabajos que aquí se reúnen exploran la relación entre los animales y la literatura a lo largo de la historia, desde la antigüedad hasta la época contemporánea; se trata de una serie de ensayos en que se examina cómo los animales han sido representados, simbolizados y utilizados como metáforas e...
Gorde:
| Egile nagusia: | |
|---|---|
| Beste egile batzuk: | |
| Formatua: | Liburua |
| Hizkuntza: | gaztelania |
| Argitaratua: |
México :
UAM Iztapalapa, División de Ciencias Sociales y Humanidades, Departamento de Filosofía : Ediciones del Lirio,
2023, c2023
|
| Saila: | (Biblioteca de Signos ;
106) |
| Gaiak: | |
| Etiketak: |
Etiketarik gabe, Izan zaitez lehena erregistro honi etiketa jartzen!
|
MARC
| LEADER | 00000nam^a2200000^a^4500 | ||
|---|---|---|---|
| 001 | 000578179 | ||
| 005 | 20250521000000.0 | ||
| 009 | 20260310132504.12 | ||
| 020 | |a 978-607-28-2853-7 | ||
| 020 | |a 978-607-8930-09-8 | ||
| 037 | |a Acervo ITESO - Biblioteca | ||
| 041 | |a ESP | ||
| 082 | |a 809. 9336 |b CRU | ||
| 100 | |a Cruz Martínez, Xochiquetzalli |e (coordinación) | ||
| 245 | 1 | 0 | |a De animalibus : |b la presencia zoológica en la literatura : de la antigüedad a la época contemporánea / |c Coord. de X. Cruz Martínez, P.M. Fernández Izaguirre. |
| 264 | 4 | |a México : |b UAM Iztapalapa, División de Ciencias Sociales y Humanidades, Departamento de Filosofía : |b Ediciones del Lirio, |c 2023, c2023 | |
| 300 | |a 299 p. | ||
| 336 | |a texto |b txt |2 rdacontenido | ||
| 337 | |a sin mediación |b n |2 rdamedio | ||
| 338 | |a volumen |b nc |2 rdasoporte | ||
| 440 | 1 | |a (Biblioteca de Signos ; |v 106) | |
| 520 | |a Los trabajos que aquí se reúnen exploran la relación entre los animales y la literatura a lo largo de la historia, desde la antigüedad hasta la época contemporánea; se trata de una serie de ensayos en que se examina cómo los animales han sido representados, simbolizados y utilizados como metáforas en la literatur en diferentes épocas y culturas. Los autores analizan la presencia de animales en una amplia gama de obras literarias, incluyendo cuentos populares, fábulas, mitos, novelas y poesía, destacando cómo estas representaciones reflejan las relaciones humanas con el mundo natural, así como cuestiones vinculadas con la animalidad, la domesticación, la crueldad y la conservación, ofreciendo una visión multidisciplinaria y enriquecedora sobre el papel de los animales en la literatura a lo largo de la historia. | ||
| 521 | |a FIL 2023 DIA | ||
| 649 | |a XX | ||
| 650 | |a Animales (En Religión, Folklore, etc.) | ||
| 650 | |a Animales Mitológicos | ||
| 650 | |a Animales en la Literatura - |x Tema Principal | ||
| 650 | |a Maltrato de Animales | ||
| 650 | |a Literatura - |x Historia y Crítica - |x Tema Principal | ||
| 650 | |a Literatura | ||
| 700 | |a Fernández Izaguirre, Penélope Marcela |e (coordinación) | ||
| 910 | |a Fondo General | ||
| 920 | |a Impresos - Libros | ||
| 930 | |a Colección General | ||
| 940 | |a Literatura | ||
| 905 | |a 101 | ||
| 901 | |a 0500403377 |b IT1 |c ACC |i C184384 |u 20250521 | ||
| 902 | |a https://opac.biblio.iteso.mx/vufind/Record/000578179 | ||